000 00367nam a2200157Ia 4500
008 230524s9999 xx 000 0 und d
082 _a621.382
_bSAA
100 _aHadi Saadat
245 0 _aPower System Analysis
250 _a1ST
260 _aNEW DELHI
_bTMH
_c2006
300 _aXIV;691
500 _aQuantity Number: 52
650 _aElectrical
942 _cBK
999 _c36776
_d36776